जरा याद कुर्बानी एव अन्य कहानियां/ (Record no. 206411)

MARC details
000 -LEADER
fixed length control field 00714nam a22001817a 4500
005 - DATE AND TIME OF LATEST TRANSACTION
control field 20241015122511.0
010 ## - LCCN (DPL NO)
LC control number HIN-128631
020 ## - INTERNATIONAL STANDARD BOOK NUMBER
Terms of availability 350.00
International Standard Book Number 9789384260118
035 ## - SYSTEM CONTROL NUMBER
System control number HN-100977
037 ## - SOURCE OF ACQUISITION
Source of stock number/acquisition DBAD
082 ## - DEWEY DECIMAL CLASSIFICATION NUMBER
Classification number
100 ## - MAIN ENTRY--PERSONAL NAME
Personal name सूरत सिंह
245 ## - TITLE STATEMENT
Title जरा याद कुर्बानी एव अन्य कहानियां/
Statement of responsibility, etc सूरत सिंह
260 ## - PUBLICATION, DISTRIBUTION, ETC. (IMPRINT)
Name of publisher, distributor, etc सामूहिक प्रकाशन
Date of publication, distribution, etc 2021
Place of publication, distribution, etc दिल्ली
270 ## - ADDRESS
City दिल्ली
Address 28/64, गली नंबर. 15,विश्वास नगर,
Postal code 110032
300 ## - PHYSICAL DESCRIPTION
Extent 112 पृ.
Dimensions 24 से.मी (सजिल्द)
942 ## - ADDED ENTRY ELEMENTS (KOHA)
Source of classification or shelving scheme Dewey Decimal Classification
Item type Hindi Books
Classification part
Call number suffix सूरत
Holdings
Withdrawn status Lost status Not for loan Collection code Home library Current library Date acquired Source of acquisition Cost, normal purchase price Full call number Barcode Copy number Cost, replacement price Koha item type
      Non-fiction Kadipur Kadipur 15/10/2024 DBAD 350.00 क सूरत HN-100977 1 350.00 Hindi Books

© Delhi Public Library
Hit Counter
free hit counter